| Поле | Название | Значение |
| |
Тип записи |
a |
| |
Библиографический уровень |
m |
| 001 |
Контрольный номер |
RU/URAIT/585201 |
| 005 |
Дата корректировки |
20260429163708.8 |
| 008 |
Кодируемые данные |
260429s2026 RU y f j 000 0 rus u |
| 020 |
Индекс ISBN |
__ |
| a |
ISBN |
978-5-534-05120-9 |
| c |
Цена, тираж |
1019.00 |
| 040 |
Источник каталогиз. |
__ |
| a |
Служба первич. каталог. |
ИКО Юрайт |
| c |
Служба, преобразующая запись |
ИКО Юрайт |
| e |
Правила каталог. |
RCR |
| 041 |
Код языка издания |
__ |
| a |
Код языка текста |
rus |
| 044 |
Код страны публикации |
__ |
| a |
Код страны публикации |
RU |
| 080 |
Индекс УДК |
__ |
| a |
Индекс УДК |
531.8(075.8) |
| 084 |
Индекс другой классификации/Индекс ББК |
__ |
| 2 |
Источник индекса |
rubbk |
| a |
Индекс другой классификации/Индекс ББК |
34.41я73 |
| 100 |
Автор |
__ |
| a |
Автор |
Вульфсон И. И. |
| q |
Полное имя |
Вульфсон Иосиф Исаакович |
| 245 |
Заглавие |
__ |
| a |
Заглавие |
Теория механизмов и машин: расчет колебаний привода |
| b |
Продолж. заглавия |
учебник для вузов |
| c |
Ответственность |
И. И. Вульфсон, М. В. Преображенская, И. А. Шарапин. |
| 250 |
Сведения об издании |
__ |
| g |
|
пер. и доп |
| a |
Основные сведения об издании |
3-е изд. |
| 256 |
Характеристики компьютерного файла |
__ |
| a |
Характеристики компьютерного файла |
Электрон. дан. |
| 260 |
Выходные данные |
__ |
| a |
Место издания |
Москва |
| b |
Издательство |
Юрайт |
| c |
Дата издания |
2026 |
| 300 |
Физическое описание |
__ |
| a |
Объем |
170 с |
| 440 |
Серия |
__ |
| a |
Серия |
Высшее образование |
| 500 |
Примечания |
__ |
| a |
Примечание |
URL: https://urait.ru/bcode/585201 (дата обращения: 29.04.2026). |
| 520 |
Аннотация |
__ |
| a |
Аннотация |
Создание современных машин невозможно без учета колебательных процессов, во многом определяющих производительность машин, качество, долговечность, надежность и условия труда человека-оператора. Этим нередко оправдывается объединение понятий «колебания» и «машина» в рамках единой учебной дисциплины. В одних случаях колебания вредны, в других они приносят пользу и целенаправленно применяются в технике. В учебном пособии рассматриваются вопросы построения динамических моделей механизмов и приводов машин, их математического описания и методов расчета типовых колебательных режимов. Изложены способы виброзащиты, приводится пример выполнения динамического анализа привода машины. В приложениях к пособию даны вопросы и задания для самоконтроля, большое количество расчетных практических заданий, описание программы для создания динамических моделей и проверки расчетов. |
| 538 |
Прим. о системных особенностях |
__ |
| a |
Прим. о системных особенностях |
Режим доступа: Электронно-библиотечная система Юрайт, для авториз. пользователей |
| 653 |
Ключевые слова |
__ |
| a |
Ключевые слова |
Машины, машиностроение и приборостроение |
| 653 |
Ключевые слова |
__ |
| a |
Ключевые слова |
Технические науки |
| 653 |
Ключевые слова |
__ |
| a |
Ключевые слова |
Теория механизмов и машин |
| 653 |
Ключевые слова |
__ |
| a |
Ключевые слова |
Динамика машин |
| 653 |
Ключевые слова |
__ |
| a |
Ключевые слова |
Проектирование приводных систем |
| 653 |
Ключевые слова |
__ |
| a |
Ключевые слова |
Теория машин и механизмов |
| 653 |
Ключевые слова |
__ |
| a |
Ключевые слова |
Основы теории машин и механизмов |
| 700 |
Другие авторы |
__ |
| a |
Другие авторы |
Преображенская М. В. |
| q |
Полное имя |
Преображенская Марианна Васильевна |
| 700 |
Другие авторы |
__ |
| a |
Другие авторы |
Шарапин И. А. |
| q |
Полное имя |
Шарапин Игорь Александрович |
| 856 |
Электронный адрес документа |
40 |
| n |
Местонахождение сервера |
Юрайт |
| g |
|
Электронная книга |
| q |
Тип электронного формата |
html |
| h |
Имя пользователя |
ЮРАЙТ |
| v |
Часы доступа к ресурсу |
20271231 |
| 2 |
Способ доступа |
Показать документ |
| x |
Служебное примечание |
https://urait.ru/book/cover/E8FF5515-FEAF-462E-869D-EB0C84692FED |
| u |
URL |
https://urait.ru/bcode/585201 |
| 856 |
Электронный адрес документа |
48 |
| q |
Тип электронного формата |
cover |
| u |
URL |
https://urait.ru/book/cover/E8FF5515-FEAF-462E-869D-EB0C84692FED |
| 911 |
|
__ |
| u |
|
0030=https://urait.ru/bcode/585201 |
| 911 |
|
__ |
| u |
|
073a=9785534051209 |
| u |
|
073d=1019.00 |
| 911 |
|
__ |
| u |
|
106a=s |
| 911 |
|
__ |
| u |
|
900l= |
| 952 |
Тип литературы |
__ |
| i |
Дисциплина |
Теория механизмов и машин |
| 952 |
Тип литературы |
__ |
| i |
Дисциплина |
Динамика машин |
| 952 |
Тип литературы |
__ |
| i |
Дисциплина |
Проектирование приводных систем |
| 952 |
Тип литературы |
__ |
| i |
Дисциплина |
Теория машин и механизмов |
| 952 |
Тип литературы |
__ |
| i |
Дисциплина |
Основы теории машин и механизмов |